[Event "Macieja Memorial"]
[Site "Warsaw POL"]
[Date "2022.07.08"]
[Round "2.8"]
[White "Rozumek, Krzysztof"]
[Black "Danielyan, Vahe"]
[Result "0-1"]
[WhiteElo "1870"]
[BlackElo "2419"]
[EventDate "????.??.??"]
[PlyCount "64"]

1.h3 b6 2.c3 Bb7 3.d4 Nf6 4.Nd2 e6 5.Ngf3 g6 6.Nb3 Bg7 7.Bg5 h6 8.Bh4 d6 9.e3 
Nbd7 10.Bd3 O-O 11.O-O c5 12.Nbd2 Qe7 13.Rc1 Rad8 14.Qc2 e5 15.dxe5 dxe5 16.Be4 
Bxe4 17.Nxe4 g5 18.Bg3 Nxe4 19.Qxe4 f5 20.Qc4+ Kh8 21.Rfd1 f4 22.exf4 exf4 
23.Re1 Qf7 24.Qxf7 Rxf7 25.Bh2 Kg8 26.Rcd1 Rdf8 27.Kf1 c4 28.Bg1 Nc5 29.Ne5 
Bxe5 30.Rxe5 f3 31.g4 Nd3 32.Rd2 Nxe5 0-1

[Event "Macieja Memorial"]
[Site "Warsaw POL"]
[Date "2022.07.08"]
[Round "2.9"]
[White "Warakomski, Tomasz"]
[Black "Jedrusik, Adam"]
[Result "1-0"]
[WhiteElo "2397"]
[BlackElo "1854"]
[EventDate "????.??.??"]
[PlyCount "117"]

1.e4 c6 2.Nc3 d5 3.Nf3 Bg4 4.h3 Bxf3 5.Qxf3 e6 6.d4 Nf6 7.Be2 dxe4 8.Qe3 Nbd7 
9.O-O c5 10.Nxe4 Qc7 11.Nxf6+ Nxf6 12.Bb5+ Nd7 13.d5 e5 14.f4 O-O-O 15.c4 Bd6 
16.Qf2 f6 17.Ba4 Nb6 18.Bb3 Rde8 19.f5 e4 20.Be3 Nd7 21.Ba4 Re7 22.Bxd7+ Rxd7 
23.a3 b6 24.b4 Kd8 25.Rfb1 Ke7 26.bxc5 Bxc5 27.Bxc5+ Qxc5 28.Qxc5+ bxc5 29.Re1 
Rb7 30.Rxe4+ Kd7 31.Rae1 Kd8 32.Re6 Rc7 33.Kh2 Rf8 34.h4 g6 35.Rf1 Rcf7 36.Kh3 
g5 37.h5 h6 38.g4 Rb7 39.Rf3 Rb2 40.Rfe3 Rf7 41.Rd6+ Kc7 42.Rc6+ Kb7 43.Rxc5 
Rb1 44.d6 Rd7 45.Rd5 Kc6 46.Re6 Rb3+ 47.Kg2 Rxa3 48.Rxf6 Ra2+ 49.Kf3 Ra3+ 
50.Ke4 Rc3 51.Kd4 Rc1 52.Rxh6 Rd1+ 53.Ke5 Rg1 54.Ke6 Rxg4 55.Rc5+ Kxc5 56.Kxd7 
Rxc4 57.f6 Rf4 58.Rg6 g4 59.h6 1-0

[Event "Macieja Memorial"]
[Site "Warsaw POL"]
[Date "2022.07.08"]
[Round "2.10"]
[White "Kaminski, Maciej"]
[Black "Kanarek, Marcel"]
[Result "0-1"]
[WhiteElo "1840"]
[BlackElo "2394"]
[EventDate "????.??.??"]
[PlyCount "128"]

1.d4 Nf6 2.c4 g6 3.g3 Bg7 4.Bg2 O-O 5.Nc3 d6 6.Nf3 Nc6 7.O-O e5 8.dxe5 Nxe5 
9.Nxe5 dxe5 10.Bg5 Qxd1 11.Rfxd1 c6 12.Bxf6 Bxf6 13.Ne4 Be7 14.Nd6 Bxd6 15.Rxd6 
Be6 16.b3 Rfd8 17.Rad1 Rxd6 18.Rxd6 a5 19.a4 Kf8 20.e3 Ke7 21.Rd2 Ra6 22.Bf3 
Rb6 23.Bd1 f5 24.f3 g5 25.Bc2 h6 26.f4 e4 27.fxg5 hxg5 28.h4 gxh4 29.gxh4 Ra6 
30.Rg2 Kf6 31.h5 Bf7 32.Bd1 Ra8 33.Rd2 Ke7 34.Rh2 Rh8 35.h6 Kf6 36.Bc2 Kg6 
37.Rg2+ Kxh6 38.Rd2 Be6 39.Rd6 Re8 40.Kf2 Kg5 41.Rd1 Kf6 42.Rh1 Rd8 43.Ke2 Ke5 
44.Rh7 Rd7 45.Rh8 Kd6 46.Kd2 Ke5+ 47.Kc3 Rg7 48.Re8 Rg3 49.Kd2 Rg2+ 50.Kc3 Re2 
51.Rb8 Rxe3+ 52.Kd2 Rh3 53.Rxb7 e3+ 54.Kd3 f4 55.Bd1 Bf5+ 56.Kc3 e2+ 57.Kd2 
exd1=Q+ 58.Kxd1 Rh1+ 59.Ke2 Bg4+ 60.Kf2 Rh2+ 61.Kg1 Rb2 62.Ra7 f3 63.Rxa5+ Kf4 
64.Ra8 Kg3 0-1

[Event "Macieja Memorial"]
[Site "Warsaw POL"]
[Date "2022.07.08"]
[Round "2.11"]
[White "Krasenkova, Elena"]
[Black "Gdanski, Jacek"]
[Result "1/2-1/2"]
[WhiteElo "1832"]
[BlackElo "2385"]
[EventDate "????.??.??"]
[PlyCount "115"]

1.d4 c5 2.d5 Nf6 3.c4 d6 4.Nc3 g6 5.e4 Bg7 6.h3 e6 7.Nf3 exd5 8.exd5 O-O 9.Be2 
Bf5 10.O-O Ne4 11.Nxe4 Bxe4 12.Ng5 Bf5 13.Bg4 Bxg4 14.Qxg4 Nd7 15.Qe2 Re8 
16.Qc2 Nf6 17.Bf4 Qb6 18.Rab1 h6 19.Nf3 Re4 20.Be3 Rae8 21.Rfe1 Qa6 22.b3 b5 
23.cxb5 Qxb5 24.Rbd1 Kh7 25.a4 Qb7 26.Qd3 Rb4 27.Rb1 Qxd5 28.Qxd5 Nxd5 29.Bd2 
Rbe4 30.Rxe4 Rxe4 31.Kf1 f5 32.a5 a6 33.Rd1 Ne7 34.Bc1 d5 35.Ba3 c4 36.bxc4 
dxc4 37.Rd7 Bf6 38.Rd6 Kg7 39.Rxa6 c3 40.Ra7 c2 41.Rc7 Ra4 42.Bc1 Ra2 43.Ke2 
Kf8 44.Ne1 Nd5 45.Rxc2 Rxa5 46.Rc8+ Ke7 47.Bxh6 Nc3+ 48.Kf3 Ra1 49.Nd3 Ne4 
50.Be3 Ra3 51.Nc5 Ng5+ 52.Ke2 Ra2+ 53.Kd3 Ne6 54.Nxe6 Kxe6 55.Rc6+ Kf7 56.Rc7+ 
Ke6 57.Rc6+ Kf7 58.Rc7+ 1/2-1/2

[Event "Macieja Memorial"]
[Site "Warsaw POL"]
[Date "2022.07.08"]
[Round "2.12"]
[White "Krasenkow, Michal"]
[Black "Jarocka, Liwia"]
[Result "1-0"]
[WhiteElo "2369"]
[BlackElo "1840"]
[EventDate "????.??.??"]
[PlyCount "81"]

1.e4 c5 2.Nc3 d6 3.g3 Nc6 4.Bg2 g6 5.d3 Bg7 6.Nh3 e6 7.Be3 Nge7 8.O-O O-O 9.Qd2 
Nd4 10.Bh6 b5 11.Bxg7 Kxg7 12.Nd1 Bb7 13.c3 Ndc6 14.f4 f5 15.Ne3 d5 16.exd5 
exd5 17.Rae1 h6 18.b4 d4 19.Nc2 cxb4 20.Nxd4 bxc3 21.Ne6+ Kg8 22.Qxc3 Qb6+ 
23.Kh1 Rf7 24.Re2 b4 25.Qb3 Na5 26.Qb2 Bxg2+ 27.Kxg2 Nd5 28.Qe5 Qc6 29.Kg1 Qb6+ 
30.d4 Nc3 31.Re3 Nc6 32.Qd6 Nxd4 33.Qxd4 Qa6 34.Rfe1 Re8 35.Nc5 Rxe3 36.Qxe3 
Qb6 37.Qe8+ Kg7 38.Re5 Ne4 39.Qc8 Rc7 40.Qxc7+ Qxc7 41.Ne6+ 1-0

[Event "Macieja Memorial"]
[Site "Warsaw POL"]
[Date "2022.07.08"]
[Round "2.13"]
[White "Nasuta, Grzegorz"]
[Black "Pastuszko, Kinga"]
[Result "1-0"]
[WhiteElo "2366"]
[BlackElo "1835"]
[EventDate "????.??.??"]
[PlyCount "27"]

1.e4 e5 2.Nf3 Nc6 3.Bc4 Nf6 4.d3 Bc5 5.O-O O-O 6.h3 d5 7.exd5 Nxd5 8.Re1 Be6 
9.Nbd2 Bd6 10.Ne4 f5 11.Neg5 Qf6 12.Nxe6 Qxe6 13.Ng5 Qf6 14.Bxd5+ 1-0

[Event "Macieja Memorial"]
[Site "Warsaw POL"]
[Date "2022.07.08"]
[Round "2.14"]
[White "Heberla, Bartlomiej"]
[Black "Lewandrowski, Tomasz"]
[Result "1-0"]
[WhiteElo "2361"]
[BlackElo "1829"]
[EventDate "????.??.??"]
[PlyCount "41"]

1.d4 d5 2.c4 e6 3.Nc3 Be7 4.Nf3 Nf6 5.Bg5 h6 6.Bxf6 Bxf6 7.Qd2 O-O 8.h4 b6 9.g4 
c5 10.cxd5 exd5 11.g5 hxg5 12.hxg5 Bxd4 13.Nxd4 cxd4 14.Qxd4 Qxg5 15.Qxd5 Qxd5 
16.Nxd5 Nc6 17.Rc1 Rd8 18.Bg2 Bb7 19.Rxc6 Bxc6 20.Ne7+ Kf8 21.Nxc6 1-0

[Event "Macieja Memorial"]
[Site "Warsaw POL"]
[Date "2022.07.08"]
[Round "2.18"]
[White "Wieczorek, Oskar"]
[Black "Ratajczak, Hubert"]
[Result "1-0"]
[WhiteElo "2330"]
[BlackElo "1806"]
[EventDate "????.??.??"]
[PlyCount "87"]

1.e4 c5 2.Nf3 d6 3.d4 cxd4 4.Nxd4 Nf6 5.Nc3 g6 6.Be3 Bg7 7.f3 O-O 8.Qd2 Nc6 
9.Bc4 Qa5 10.Bb3 Nxd4 11.Bxd4 Be6 12.O-O-O b5 13.Kb1 b4 14.Nd5 Bxd5 15.exd5 
Rfc8 16.h4 Nd7 17.Bxg7 Kxg7 18.h5 Nf6 19.hxg6 fxg6 20.Rde1 Rc7 21.g4 Rh8 22.g5 
Nh5 23.Qd4+ Kg8 24.Qg4 Qc5 25.Re4 Kg7 26.Rc4 Qb6 27.Rxc7 Qxc7 28.Qd4+ Kg8 
29.Qxb4 Kf7 30.Re1 Ng3 31.Qd4 Re8 32.Qh4 Nh5 33.Qg4 Qa5 34.c3 Ng7 35.Qh3 Qc5 
36.Qxh7 Qf2 37.Rc1 Rg8 38.Bc2 Qxf3 39.Qxg6+ Kf8 40.Qh6 Ke8 41.Qh7 Qf8 42.Bd3 e5 
43.Rf1 Qe7 44.Qxg8+ 1-0

[Event "Macieja Memorial"]
[Site "Warsaw POL"]
[Date "2022.07.08"]
[Round "2.19"]
[White "Syrkiewicz, Michal"]
[Black "Leniart, Arkadiusz"]
[Result "1/2-1/2"]
[WhiteElo "1804"]
[BlackElo "2327"]
[EventDate "????.??.??"]
[PlyCount "124"]

1.e4 e5 2.Nf3 Nc6 3.Bc4 Nf6 4.d3 Bc5 5.c3 a6 6.a4 Ba7 7.O-O h6 8.Be3 O-O 9.Re1 
Bxe3 10.Rxe3 d6 11.Nbd2 Nh5 12.d4 Nf4 13.Nf1 Qf6 14.Ng3 Bg4 15.h3 Bxf3 16.Rxf3 
Kh8 17.Nh5 Qh4 18.Nxf4 exf4 19.b4 Rae8 20.Bd3 Ne7 21.Qd2 g5 22.Re1 Ng6 23.e5 
Qh5 24.Bxg6 Qxg6 25.Qd3 dxe5 26.dxe5 Re7 27.Qxg6 fxg6 28.g3 Rf5 29.Rd3 Kg7 
30.g4 Rf8 31.Rd2 Kf7 32.f3 Ke6 33.Kf2 Rff7 34.c4 Rd7 35.Red1 Rxd2+ 36.Rxd2 Kxe5 
37.Rd5+ Ke6 38.Ke2 c6 39.Rd4 h5 40.b5 axb5 41.cxb5 c5 42.Re4+ Kd5 43.Kd3 b6 
44.Re8 Ra7 45.Rd8+ Ke5 46.Re8+ Kf6 47.Rb8 Rxa4 48.Rxb6+ Kf7 49.Rc6 Ra3+ 50.Ke4 
Re3+ 51.Kd5 Rxf3 52.Rc7+ Kf6 53.b6 Rxh3 54.gxh5 gxh5 55.b7 Rb3 56.Kxc5 Kf5 
57.Kc4 Rb6 58.Kc5 Rb1 59.Kd4 Kg4 60.Ke4 h4 61.Rg7 h3 62.Rh7 Kg3 1/2-1/2

[Event "Macieja Memorial"]
[Site "Warsaw POL"]
[Date "2022.07.08"]
[Round "2.20"]
[White "Kuzmicz, Krystian"]
[Black "Gajewski, Dariusz"]
[Result "1-0"]
[WhiteElo "2307"]
[BlackElo "1804"]
[EventDate "????.??.??"]
[PlyCount "59"]

1.e4 g6 2.g3 Bg7 3.Bg2 d6 4.f4 c6 5.Nf3 Nd7 6.d3 b6 7.Nc3 Bb7 8.O-O c5 9.h3 e6 
10.Be3 Ne7 11.d4 O-O 12.Qd2 d5 13.e5 a6 14.Rfe1 Nf5 15.Bf2 cxd4 16.Nxd4 Nxd4 
17.Bxd4 Rc8 18.g4 Nc5 19.Qf2 Qd7 20.Rad1 Qc7 21.f5 exf5 22.gxf5 Rcd8 23.f6 Bh8 
24.Bxc5 bxc5 25.Nxd5 Bxd5 26.Bxd5 Rfe8 27.e6 fxe6 28.Rxe6 Kf8 29.Re7 Rd7 
30.Rde1 1-0

[Event "Macieja Memorial"]
[Site "Warsaw POL"]
[Date "2022.07.08"]
[Round "2.21"]
[White "Kutowski, Marcel"]
[Black "Nguyen, Piotr"]
[Result "0-1"]
[WhiteElo "1802"]
[BlackElo "2300"]
[EventDate "????.??.??"]
[PlyCount "56"]

1.e4 d6 2.d4 Nf6 3.Nc3 c6 4.Nf3 Bg4 5.Be2 e6 6.O-O Be7 7.e5 Nd5 8.Ne4 dxe5 
9.Nxe5 Bxe2 10.Qxe2 O-O 11.c3 Nd7 12.Nd3 N7f6 13.c4 Nxe4 14.Qxe4 Nf6 15.Qe3 Qb6 
16.b3 a5 17.Bb2 a4 18.b4 Bxb4 19.Nxb4 Qxb4 20.Ba3 Qxc4 21.Rfc1 Qd5 22.Bxf8 Rxf8 
23.Rab1 b5 24.a3 Rd8 25.Rc5 Qd6 26.Rbc1 Ng4 27.Qg3 Qxd4 28.h3 Qd1+ 0-1

[Event "Macieja Memorial"]
[Site "Warsaw POL"]
[Date "2022.07.08"]
[Round "2.22"]
[White "Sadzikowski, Daniel"]
[Black "Owoc, Jakub"]
[Result "1-0"]
[WhiteElo "2297"]
[BlackElo "1779"]
[EventDate "????.??.??"]
[PlyCount "131"]

1.c4 Nf6 2.Nc3 g6 3.g3 Bg7 4.Bg2 d6 5.d3 O-O 6.a3 a5 7.Nf3 c5 8.O-O Nc6 9.Rb1 
e5 10.Ne1 Rb8 11.Nc2 Nd4 12.Bg5 h6 13.Bxf6 Bxf6 14.e3 Nxc2 15.Qxc2 Be6 16.b4 
axb4 17.axb4 b6 18.Nd5 Bxd5 19.Bxd5 Kh7 20.Qa4 Bg7 21.Qa7 f5 22.Rb2 e4 23.Rb3 
cxb4 24.dxe4 fxe4 25.Rxb4 h5 26.Bxe4 Re8 27.Bd5 Re7 28.Qa6 Bc3 29.Rb3 Ba5 
30.Qb5 Re5 31.Rd3 Qe7 32.Qc6 Rf8 33.Bg2 Rc5 34.Qxd6 Qxd6 35.Rxd6 Rxc4 36.h4 Rc2 
37.Be4 Re2 38.Bxg6+ Kg7 39.Bxh5 Rb2 40.Rg6+ Kh7 41.Rc6 b5 42.Bg6+ Kg7 43.h5 Re2 
44.h6+ Kh8 45.Bd3 Rd2 46.Bxb5 Bd8 47.Bc4 Bg5 48.Ba6 Rb2 49.Rg6 Bf6 50.Bd3 Rb3 
51.Bf5 Rb5 52.g4 Re5 53.Rd1 Re7 54.Kg2 Be5 55.Rd5 Ra8 56.Rd7 Rxd7 57.Bxd7 Rd8 
58.Bf5 Bc3 59.Rc6 Be5 60.g5 Rf8 61.Be4 Re8 62.f4 Bb8 63.Kf3 Rf8 64.Ra6 Re8 
65.Ra8 Rf8 66.g6 1-0

[Event "Macieja Memorial"]
[Site "Warsaw POL"]
[Date "2022.07.08"]
[Round "2.23"]
[White "Hryszkiewicz, Michal"]
[Black "Kowalski, Igor"]
[Result "0-1"]
[WhiteElo "1787"]
[BlackElo "2287"]
[EventDate "????.??.??"]
[PlyCount "90"]

1.d4 Nf6 2.Bf4 d5 3.e3 c5 4.c3 Nc6 5.Nd2 Bf5 6.Qb3 Qc8 7.Ngf3 e6 8.Bb5 a6 9.Be2 
c4 10.Qd1 Be7 11.Nh4 Be4 12.f3 Bg6 13.Nxg6 hxg6 14.Qc2 Nh5 15.Kf2 Nxf4 16.exf4 
Qc7 17.g3 Bf6 18.Nf1 b5 19.a3 Qb6 20.Ne3 a5 21.Kg2 O-O 22.Ng4 Be7 23.Ne5 Nxe5 
24.fxe5 b4 25.axb4 axb4 26.h4 Rab8 27.h5 g5 28.f4 bxc3 29.bxc3 Qb2 30.Rhc1 f5 
31.Kf3 Kf7 32.Ke3 Rh8 33.g4 Qxc2 34.Rxc2 g6 35.hxg6+ Kxg6 36.gxf5+ Kxf5 37.fxg5 
Bxg5+ 38.Kf3 Rh3+ 39.Kg2 Rbh8 40.Rf1+ Ke4 41.Bf3+ Kd3 42.Rff2 Be3 43.Rfe2 Bf4 
44.Kf1 Rxf3+ 45.Ke1 Rh1# 0-1

[Event "Macieja Memorial"]
[Site "Warsaw POL"]
[Date "2022.07.08"]
[Round "2.24"]
[White "Sacharewicz, Krzysztof"]
[Black "Socko, Monika"]
[Result "0-1"]
[WhiteElo "1776"]
[BlackElo "2286"]
[EventDate "????.??.??"]
[PlyCount "78"]

1.d4 e6 2.Nf3 Nf6 3.c4 b6 4.Nc3 Bb7 5.g3 Be7 6.Bg2 O-O 7.O-O c5 8.e3 cxd4 
9.exd4 d5 10.Ne5 Nc6 11.Nxc6 Bxc6 12.cxd5 Nxd5 13.Nxd5 Bxd5 14.Be3 Bf6 15.Bxd5 
Qxd5 16.Qb3 Qxb3 17.axb3 Rfd8 18.Rfd1 Rd7 19.Ra4 Rc8 20.Rc4 Rcd8 21.Ra4 h6 
22.Kg2 e5 23.d5 g5 24.Kf3 Kg7 25.Ke4 Kg6 26.f4 exf4 27.gxf4 Bxb2 28.fxg5 hxg5 
29.Rg1 f5+ 30.Kf3 g4+ 31.Kf2 Be5 32.h3 g3+ 33.Kf3 Kf6 34.Bf4 Rxd5 35.Bxe5+ Kxe5 
36.Rxa7 Rd3+ 37.Ke2 Rd2+ 38.Kf1 Rd1+ 39.Kg2 R8d2+ 0-1

[Event "Macieja Memorial"]
[Site "Warsaw POL"]
[Date "2022.07.08"]
[Round "2.25"]
[White "Rekuc, Patryk"]
[Black "Mikrut, Dariusz"]
[Result "1/2-1/2"]
[WhiteElo "1762"]
[BlackElo "2266"]
[EventDate "????.??.??"]
[PlyCount "128"]

1.e4 g6 2.d4 Bg7 3.Nc3 d6 4.f4 a6 5.Nf3 b5 6.Bd3 Bb7 7.O-O Nd7 8.a3 c5 9.dxc5 
Nxc5 10.Qe2 Nf6 11.Bd2 O-O 12.Rae1 Nfd7 13.h4 Nf6 14.Nh2 Nh5 15.Qf2 Nxd3 
16.cxd3 Nf6 17.g4 h5 18.gxh5 Nxh5 19.Ng4 f5 20.exf5 gxf5 21.Nh2 Qd7 22.Nf3 Nf6 
23.Qg3 Ng4 24.Nh2 e5 25.h5 Qc6 26.Nxg4 fxg4 27.Ne4 Qd7 28.fxe5 Bxe5 29.Qh4 Kh8 
30.Bg5 Kh7 31.Bf6 Bxe4 32.Rxe4 Qa7+ 33.Kg2 Qc7 34.Bxe5 dxe5 35.Rf2 Rxf2+ 
36.Qxf2 Qd7 37.Qf6 Rg8 38.Qxe5 Rg7 39.d4 g3 40.d5 Qc8 41.Re2 Qg4 42.Qe4+ Kh6 
43.Qxg4 Rxg4 44.d6 Rd4 45.Re6+ Kxh5 46.Kxg3 Kg5 47.d7 a5 48.Rb6 Rd3+ 49.Kf2 Kf4 
50.Rxb5 Rxd7 51.Rxa5 Rd2+ 52.Ke1 Rxb2 53.Ra8 Ke3 54.Re8+ Kd3 55.Rd8+ Kc3 
56.Rc8+ Kb3 57.Kd1 Kxa3 58.Kc1 Rb5 59.Kc2 Kb4 60.Rc3 Rh5 61.Rb3+ Kc4 62.Rg3 
Rh2+ 63.Kd1 Ra2 64.Kc1 Rh2 1/2-1/2

[Event "Macieja Memorial"]
[Site "Warsaw POL"]
[Date "2022.07.08"]
[Round "2.26"]
[White "Jarmula, Lukasz"]
[Black "Basiaga, Sebastian"]
[Result "1-0"]
[WhiteElo "2246"]
[BlackElo "1763"]
[EventDate "????.??.??"]
[PlyCount "81"]

1.d4 d5 2.Bf4 Nf6 3.e3 Bf5 4.Bd3 Bxd3 5.cxd3 c6 6.Nc3 Nbd7 7.Nf3 e6 8.O-O Nh5 
9.Bg5 Be7 10.Bxe7 Qxe7 11.Ne5 Nhf6 12.f4 g6 13.Rb1 O-O 14.b4 Rfc8 15.Qd2 Ne8 
16.Na4 f6 17.Nf3 Nd6 18.Nc5 Rab8 19.Rfe1 Rc7 20.e4 Qf7 21.e5 Nf5 22.g4 Nxc5 
23.dxc5 Ne7 24.Nd4 f5 25.g5 a6 26.h4 Kg7 27.Re2 Rh8 28.Rh2 Rcc8 29.Qd1 Rcg8 
30.Rbb2 Kf8 31.a4 Ke8 32.b5 axb5 33.axb5 Nc8 34.bxc6 bxc6 35.Qa4 Qc7 36.Nxc6 
Kf7 37.d4 h6 38.Na5 Ne7 39.Rb7 Qd8 40.Nc6 Qe8 41.Rxe7+ 1-0

[Event "Macieja Memorial"]
[Site "Warsaw POL"]
[Date "2022.07.08"]
[Round "2.27"]
[White "Kazmierowski, Tymon"]
[Black "Baum, Jonasz"]
[Result "0-1"]
[WhiteElo "1749"]
[BlackElo "2240"]
[EventDate "????.??.??"]
[PlyCount "166"]

1.d4 e6 2.c4 b6 3.Nc3 Bb7 4.d5 Bb4 5.e4 exd5 6.cxd5 Nf6 7.Bd3 O-O 8.Ne2 c6 
9.dxc6 dxc6 10.O-O Nbd7 11.a3 Be7 12.Bf4 Re8 13.Bc2 Nf8 14.Rc1 Ne6 15.Bg3 a5 
16.Qxd8 Raxd8 17.Rfd1 Ba6 18.f3 Bc5+ 19.Bf2 h5 20.Bxc5 Nxc5 21.Nd4 Bb7 22.Nf5 
Ne6 23.Nd6 Re7 24.Nxb7 Rxb7 25.Rxd8+ Nxd8 26.Rd1 Rd7 27.Rxd7 Nxd7 28.b4 axb4 
29.axb4 Kf8 30.Kf2 Ke7 31.Ke3 Ne5 32.Bb3 f6 33.h3 g5 34.g3 h4 35.gxh4 gxh4 
36.f4 Ng6 37.Bc2 Nf7 38.e5 Nf8 39.exf6+ Kxf6 40.Ne4+ Ke7 41.f5 Nh7 42.Kf4 Nf6 
43.Nxf6 Kxf6 44.Be4 c5 45.bxc5 bxc5 46.Bc2 Ne5 47.Ke4 Nc4 48.Bd3 Nb6 49.Bc2 Nc4 
50.Bd3 Ne5 51.Bc2 Nf7 52.Kd5 Ng5 53.Kxc5 Ke5 54.Kc4 Nxh3 55.Kd3 Nf4+ 56.Ke3 h3 
57.Be4 h2 58.Bh1 Kxf5 59.Kf2 Kg4 60.Bf3+ Kh3 61.Bh1 Nd3+ 62.Kf1 Kg3 63.Be4 Ne5 
64.Bh1 Ng4 65.Ke2 Nf2 66.Bb7 Nh3 67.Bh1 Nf4+ 68.Kf1 Ne6 69.Bd5 Nc5 70.Bh1 Nd3 
71.Ba8 Kh3 72.Bg2+ Kh4 73.Bh1 Kg3 74.Bb7 Nf2 75.Bc6 Ng4 76.Bh1 Ne3+ 77.Ke2 Nc2 
78.Kf1 Nb4 79.Bb7 Na2 80.Bh1 Nc1 81.Bc6 Nb3 82.Bh1 Nd4 83.Bb7 Nf3 0-1

[Event "Macieja Memorial"]
[Site "Warsaw POL"]
[Date "2022.07.08"]
[Round "2.28"]
[White "Sriram, Jha"]
[Black "Zalega, Maciej"]
[Result "1-0"]
[WhiteElo "2239"]
[BlackElo "1748"]
[EventDate "????.??.??"]
[PlyCount "105"]

1.d4 Nf6 2.Nf3 g6 3.g3 Bg7 4.Bg2 O-O 5.O-O d6 6.c4 Nc6 7.Nc3 Bg4 8.d5 Na5 9.Nd2 
c5 10.h3 Bd7 11.Qc2 a6 12.b3 Rb8 13.Bb2 b5 14.Rab1 bxc4 15.bxc4 Qc8 16.Kh2 Ne8 
17.Ba1 Rb4 18.a3 Rxb1 19.Rxb1 Qc7 20.e4 Bd4 21.f4 Ng7 22.Ne2 Bxa1 23.Rxa1 Rb8 
24.Qc3 Ba4 25.Nc1 Nb7 26.Nd3 Na5 27.Nc1 Nb7 28.Rb1 Nd8 29.Rxb8 Qxb8 30.Qa5 Bd1 
31.Qxa6 h5 32.Qb5 Qa7 33.Qb2 Nb7 34.Nd3 Na5 35.Bf1 h4 36.g4 f5 37.gxf5 gxf5 
38.e5 Nh5 39.Qb5 Kf7 40.e6+ Kf6 41.Qe8 Kg7 42.Qf7+ Kh6 43.Qxf5 Qb8 44.Qg5+ Kh7 
45.Qxe7+ Ng7 46.Qxh4+ Kg8 47.Qe1 Bh5 48.Ne4 Qf8 49.Qxa5 Qf5 50.Qd8+ Kh7 51.Ng5+ 
Kg6 52.Bg2 Be2 53.Be4 1-0

[Event "Macieja Memorial"]
[Site "Warsaw POL"]
[Date "2022.07.08"]
[Round "2.29"]
[White "Skrzypczynski, Kacper"]
[Black "Reza, Wojciech"]
[Result "1-0"]
[WhiteElo "1746"]
[BlackElo "2230"]
[EventDate "????.??.??"]
[PlyCount "145"]

1.d4 d5 2.Bf4 c5 3.e3 Nc6 4.c3 cxd4 5.exd4 Bf5 6.Bd3 Bg6 7.Nf3 e6 8.O-O Nf6 
9.Ne5 Nxe5 10.Bxe5 Bxd3 11.Qxd3 Be7 12.Nd2 O-O 13.Qb5 Qd7 14.a4 a6 15.Qb3 Rac8 
16.h3 Rc6 17.Bxf6 Bxf6 18.f4 g6 19.Nf3 Qc7 20.a5 Qxf4 21.Qxb7 Qc7 22.Qxc7 Rxc7 
23.Ne1 Be7 24.Nd3 Bd6 25.Rfc1 Rfc8 26.Kf1 f6 27.Rd1 Kf7 28.Ke2 e5 29.dxe5 fxe5 
30.Nf2 Ke6 31.Kd3 h5 32.Rf1 e4+ 33.Ke2 Rb8 34.Ra2 Rcb7 35.Nd1 Rb3 36.Kd2 Bc5 
37.Kc2 R3b7 38.b4 Ba7 39.Ra1 Rc8 40.Kb3 Rbc7 41.Rc1 Ke5 42.Nb2 e3 43.Rf3 Ke4 
44.Na4 d4 45.c4 Rd7 46.c5 Rd5 47.Kc4 Rf5 48.Rcf1 Rxf3 49.gxf3+ Ke5 50.Nb2 Rf8 
51.Nd3+ Ke6 52.Kxd4 Kf5 53.Re1 Rd8+ 54.Kc3 Re8 55.Re2 Bb8 56.Kc4 Bg3 57.b5 
axb5+ 58.Kxb5 Rb8+ 59.Kc4 Re8 60.a6 Bb8 61.Kb5 g5 62.Kb6 Re6+ 63.Kb7 Re8 64.a7 
Bxa7 65.Kxa7 g4 66.hxg4+ hxg4 67.fxg4+ Kxg4 68.c6 Kf3 69.Re1 e2 70.c7 Ke3 
71.Nc1 Kd4 72.Rxe2 Rc8 73.Kb7 1-0

[Event "Macieja Memorial"]
[Site "Warsaw POL"]
[Date "2022.07.08"]
[Round "2.30"]
[White "Michalska, Aleksandra"]
[Black "Grabarczyk, Miroslaw"]
[Result "0-1"]
[WhiteElo "1733"]
[BlackElo "2221"]
[EventDate "????.??.??"]
[PlyCount "166"]

1.e4 e5 2.Nf3 Nc6 3.Nc3 Nf6 4.Bb5 Bd6 5.O-O O-O 6.d3 h6 7.Be3 Re8 8.Nd2 Qe7 
9.Bc4 Bc5 10.Qe2 d6 11.h3 Nd4 12.Bxd4 Bxd4 13.Nd1 c6 14.c3 Bb6 15.Ne3 Bd7 
16.Bb3 Rad8 17.Rad1 Bc8 18.Ndc4 d5 19.Nxb6 axb6 20.exd5 cxd5 21.Rfe1 Qc7 22.Qf3 
d4 23.Nd5 Nxd5 24.Bxd5 dxc3 25.bxc3 Be6 26.Bxe6 Rxe6 27.c4 Rd7 28.Rb1 Qd6 
29.Rb3 g6 30.Qe3 Kg7 31.Reb1 Qd4 32.Qxd4 Rxd4 33.Rxb6 Rxb6 34.Rxb6 Rxd3 35.Rxb7 
Rd1+ 36.Kh2 Rd2 37.c5 Rxa2 38.Kg3 Rc2 39.Rc7 Kf6 40.c6 Ke6 41.Rc8 Kf5 42.c7 f6 
43.Kf3 h5 44.g4+ hxg4+ 45.hxg4+ Kg5 46.Kg3 Rc3+ 47.Kg2 Kxg4 48.Rg8 Rxc7 
49.Rxg6+ Kf5 50.Rg3 Rc2 51.Rf3+ Kg5 52.Rg3+ Kf5 53.Rf3+ Ke6 54.Kg3 Rc4 55.Ra3 
Kf5 56.Rf3+ Kg5 57.Ra3 Rf4 58.Ra8 Kf5 59.Ra5 Rg4+ 60.Kf3 Rb4 61.Ra3 Rd4 62.Ra5 
Rd3+ 63.Ke2 Rb3 64.Ra4 e4 65.Ra6 Ke5 66.Rc6 f5 67.Rc5+ Kf4 68.Rc2 Rh3 69.Ra2 
Rb3 70.Rc2 Kg4 71.Rd2 f4 72.Rc2 f3+ 73.Kd2 Kh3 74.Rc4 Kg2 75.Rxe4 Kxf2 76.Re8 
Rb7 77.Kd3 Kf1 78.Ke3 f2 79.Rf8 Re7+ 80.Kd2 Re4 81.Kd3 Re5 82.Kd2 Re6 83.Kd3 
Ke1 0-1

[Event "Macieja Memorial"]
[Site "Warsaw POL"]
[Date "2022.07.08"]
[Round "2.31"]
[White "Mickiewicz, Piotr"]
[Black "Vanduyfhuys, Daria"]
[Result "1-0"]
[WhiteElo "2209"]
[BlackElo "1716"]
[EventDate "????.??.??"]
[PlyCount "119"]

1.Nf3 d5 2.c4 e6 3.g3 Nf6 4.b3 Be7 5.Bb2 O-O 6.Bg2 c6 7.O-O Nbd7 8.d3 b6 9.Nbd2 
Bb7 10.a3 c5 11.cxd5 Nxd5 12.Ra2 Bf6 13.Qa1 Bxb2 14.Rxb2 Rc8 15.Rc1 Qe7 16.Rbc2 
Ba6 17.b4 cxb4 18.axb4 Nxb4 19.Rxc8 Rxc8 20.Rxc8+ Bxc8 21.Qxa7 Kf8 22.Qc7 Ba6 
23.Nd4 g6 24.Nc6 Nxc6 25.Bxc6 Nf6 26.Qxb6 Qa3 27.Kg2 Kg7 28.Qd4 Qa5 29.Ne4 e5 
30.Qc5 Qxc5 31.Nxc5 Bc8 32.f3 Kf8 33.Kf2 Ke7 34.Ba4 Kd6 35.Nb3 Be6 36.Nd2 Nd7 
37.Ne4+ Ke7 38.Bxd7 Bxd7 39.g4 f5 40.gxf5 gxf5 41.Nd2 Ke6 42.f4 Bb5 43.fxe5 
Kxe5 44.Ke3 Ba6 45.Nf3+ Kd5 46.Kf4 Bc8 47.Nh4 Kd4 48.Nxf5+ Kc3 49.Ng3 Kd4 50.h4 
Bd7 51.h5 Bc8 52.h6 Bd7 53.Nh5 Be8 54.Nf6 Bg6 55.e4 Kxd3 56.e5 Kd4 57.e6 Kc5 
58.Ke5 Kc6 59.e7 Kc7 60.e8=Q 1-0

[Event "Macieja Memorial"]
[Site "Warsaw POL"]
[Date "2022.07.08"]
[Round "2.32"]
[White "Marcinczyk, Monika"]
[Black "Koziorowicz, Michal"]
[Result "0-1"]
[WhiteElo "1705"]
[BlackElo "2202"]
[EventDate "????.??.??"]
[PlyCount "42"]

1.e4 c5 2.Nf3 d6 3.Bb5+ Bd7 4.Bxd7+ Qxd7 5.c4 e5 6.O-O Nc6 7.Nc3 g6 8.d3 Bg7 
9.Nd5 Nge7 10.a3 O-O 11.Ne1 f5 12.f4 Rae8 13.Nc2 exf4 14.Bxf4 Bxb2 15.Rb1 Bg7 
16.exf5 Nxf5 17.Nce3 Nxe3 18.Bxe3 Ne7 19.Nxe7+ Qxe7 20.Re1 b6 21.Qg4 Bd4 0-1

[Event "Macieja Memorial"]
[Site "Warsaw POL"]
[Date "2022.07.08"]
[Round "2.34"]
[White "Siekanska, Maria"]
[Black "Szustakowski, Antoni"]
[Result "1-0"]
[WhiteElo "1702"]
[BlackElo "2173"]
[EventDate "????.??.??"]
[PlyCount "117"]

1.d4 Nf6 2.c4 e6 3.Nc3 Bb4 4.e3 O-O 5.Bd3 Re8 6.Ne2 d5 7.a3 Bf8 8.O-O b6 9.cxd5 
exd5 10.b4 c6 11.Qc2 a5 12.Rb1 axb4 13.axb4 Na6 14.b5 Nb4 15.Qd2 c5 16.dxc5 
bxc5 17.Rd1 Bb7 18.Nf4 Bd6 19.Nce2 Ra2 20.Rb2 Rxb2 21.Bxb2 Ne4 22.Bxe4 Rxe4 
23.Nc3 Rxf4 24.exf4 d4 25.Ne2 Qf6 26.Nxd4 cxd4 27.Qxd4 Qxd4 28.Rxd4 Bf8 29.Rd7 
Be4 30.b6 Na6 31.b7 Bxb7 32.Rxb7 Nc5 33.Rb8 Ne6 34.Ba3 g6 35.g4 f5 36.gxf5 gxf5 
37.Bxf8 Nxf8 38.Rb5 Kg7 39.Rxf5 Ne6 40.Ra5 Nxf4 41.Kf1 Ne6 42.Kg2 Kf7 43.Kg3 
Nd4 44.f4 Ne2+ 45.Kf3 Nd4+ 46.Ke4 Ne6 47.f5 Nd8 48.Ra7+ Kf6 49.Rxh7 Kg5 50.h4+ 
Kf6 51.Ra7 Nb7 52.Ra6+ Kf7 53.Ke5 Nc5 54.Ra7+ Kf8 55.Kf6 Ne4+ 56.Kg6 Ke8 57.f6 
Nd6 58.f7+ Kf8 59.Ra8+ 1-0

[Event "Macieja Memorial"]
[Site "Warsaw POL"]
[Date "2022.07.08"]
[Round "2.35"]
[White "Chomczyk, Marek"]
[Black "Fudala, Dominik"]
[Result "1-0"]
[WhiteElo "2172"]
[BlackElo "1698"]
[EventDate "????.??.??"]
[PlyCount "61"]

1.d4 Nf6 2.c4 e6 3.g3 d5 4.Nf3 Be7 5.Bg2 O-O 6.O-O c6 7.Qc2 b6 8.Nbd2 Bb7 9.e4 
dxe4 10.Nxe4 Nbd7 11.Rd1 Nxe4 12.Qxe4 Nf6 13.Qc2 Qc8 14.c5 bxc5 15.dxc5 Nd5 
16.a3 Bf6 17.Rb1 a5 18.b3 Nc3 19.Bb2 Nxd1 20.Bxf6 gxf6 21.Rxd1 Qc7 22.Qc3 Qe7 
23.Rd4 Kh8 24.Ng5 Rg8 25.Ne4 Ba6 26.Nd6 Rac8 27.Rh4 Rc7 28.Be4 Rg7 29.Qxa5 Be2 
30.Qa8+ Rg8 31.Rxh7# 1-0

[Event "Macieja Memorial"]
[Site "Warsaw POL"]
[Date "2022.07.08"]
[Round "2.36"]
[White "Chiszko, Oskar"]
[Black "Nurkiewicz, Maciej"]
[Result "0-1"]
[WhiteElo "1694"]
[BlackElo "2171"]
[EventDate "????.??.??"]
[PlyCount "91"]

1.e4 c5 2.Nf3 d6 3.d4 cxd4 4.Nxd4 Nf6 5.Nc3 a6 6.Be2 e5 7.Nb3 Be7 8.Be3 Be6 
9.Nd5 Nxd5 10.exd5 Bd7 11.O-O O-O 12.c4 b6 13.Rc1 Ba4 14.Qd2 Nd7 15.Na1 Nc5 
16.b3 Bd7 17.b4 Ne4 18.Qc2 f5 19.f4 exf4 20.Bxf4 Bg5 21.Bd3 Bxf4 22.Rxf4 Qg5 
23.Rcf1 Rac8 24.Nb3 a5 25.bxa5 bxa5 26.Bxe4 fxe4 27.Rxf8+ Rxf8 28.Rxf8+ Kxf8 
29.Qxe4 a4 30.Nd4 Qc1+ 31.Kf2 Qb2+ 32.Kg3 Qxa2 33.Qf4+ Ke7 34.Qe4+ Kd8 35.Qf4 
Ke7 36.Qg5+ Kf7 37.Qf4+ Ke7 38.Nc6+ Bxc6 39.dxc6 Qb3+ 40.Kg4 a3 41.Qg5+ Kf7 
42.Qf5+ Ke7 43.Qd7+ Kf6 44.Qxd6+ Kf7 45.Qd5+ Kf6 46.c7 0-1